• 首页
  • 本馆介绍
  • 公告通知
  • 最新文献
  • 馆藏检索
  • 电子资源
  • 读者导购
  • 参考咨询
  • 我的图书馆
  • 登录
  • 详细信息显示
  • 放入我的书架
  • 预约/预借图书
  • 作者相关作品
  • 分类相关作品
  • 丛书相关作品
  • 出版社相关作品

书目信息

  • 表格格式
  • 工作单格式
  • 卡片格式
题名:
无机非金属材料实验
    
 
作者: 伍洪标 主编
分册:  
出版信息: 北京   化学工业出版社  2019重印
页数: 384页
开本: 26cm
丛书名:
单 册:
中图分类: TB321.2
科图分类:
主题词: 无机材料--wu ji cai liao--非金属材料--实验--高等学校--教材
电子资源:
ISBN: 978-7-122-08554-2
000 00996cam0 2200265 45
001 012001000387
005 20191108094311.01
010    @a978-7-122-08554-2@dCNY46.00
099    @aCAL 012011203103
100    @a20110616d2011 em y0chiy50 ea
101 0  @achi
102    @aCN@b110000
105    @aak z 000yy
106    @ar
200 1  @a无机非金属材料实验@Awu ji fei jin shu cai liao shi yan@f伍洪标主编
205    @a第2版
210    @a北京@c化学工业出版社@d2019重印
215    @a384页@c图@d26cm
300    @a教育部世行贷款21世纪初高等教育教学改革资助项目 高等学校教材
330    @a本书在“绪论”中从实验教学改革的角度,对无机非金属材料实验的特点和任务,实验课的目的和任务,学习方法等方面进行了介绍。其主要内容包括:实验误差与数据处理;实验部分;综合设计实验等。
606 0  @a无机材料@Awu ji cai liao@x非金属材料@x实验@x高等学校@j教材
690    @aTB321.2@v4
701  0 @a伍洪标@Awu hong biao@4主编
801  0 @aCN@b北京卓展文化@c20191020
905    @b1200370-3@dTB321.2@e487=2@f4
    
    无机非金属材料实验/伍洪标主编.-第2版.-北京:化学工业出版社,2019重印
    384页:图;26cm
    教育部世行贷款21世纪初高等教育教学改革资助项目 高等学校教材
    
    ISBN 978-7-122-08554-2:CNY46.00
    本书在“绪论”中从实验教学改革的角度,对无机非金属材料实验的特点和任务,实验课的目的和任务,学习方法等方面进行了介绍。其主要内容包括:实验误差与数据处理;实验部分;综合设计实验等。
●
相关链接 在E读中查询图书 在五车中查询图书 在当当中查询图书 在豆瓣中查询图书


正题名:无机非金属材料实验     索取号:TB321.2/487=2         预约/预借

序号 登录号 条形码 馆藏地/架位号 状态 备注
1 1200370   212003703   第二样本阅览室/ [索取号:TB321.2/487=2] 在馆    
2 1200371   212003712   第三借阅区/ [索取号:TB321.2/487=2] 在馆    
3 1200372   212003721   第三借阅区/ [索取号:TB321.2/487=2] 在馆    
4 1200373   212003730   第三借阅区/ [索取号:TB321.2/487=2] 在馆    
唐山师范学院图书馆 欢迎您!
大连网信软件有限公司© 版权所有